000 00409nam a22001577a 4500
008 250605b |||||||| |||| 00| 0 eng d
020 _a9781260575880
050 _aQH 307.2
_b.H 54
100 _aHoofnagle's Marielle
245 _aBiology concepts and interventions
250 _a5th
260 _aNew York
_bMcGraw Hill Education
_c2021
300 _a826p
650 _aBiology textbook
942 _cBK
999 _c3822
_d3822